000 00300nam a22001337a 4500
008 171227b xxu||||| |||| 00| 0 eng d
020 _a9780134004747
041 _aeng
080 _a573
100 _a11
101 _aBIO
245 _aCELLS BUILDING BLOCK OF LIEFE
_cJAMES,P
942 _2udc
_cBK
999 _c39470
_d39470